Ética y sociología (Record no. 169176)
[ view plain ]
| 000 -LEADER | |
|---|---|
| campo de control de longitud fija | 01104nam a2200313 i 4500 |
| 001 - NÚMERO DE CONTROL | |
| campo de control | 169176 |
| 003 - IDENTIFICADOR DE NÚMERO DE CONTROL | |
| campo de control | ES-MaACL |
| 005 - FECHA Y HORA DE LA ÚLTIMA TRANSACCIÓN | |
| campo de control | 20250805062616.0 |
| 008 - DATOS DE LONGITUD FIJA--INFORMACIÓN GENERAL | |
| campo de control de longitud fija | 080821s2000 sp |||| |dspa d |
| 020 ## - NÚMERO INTERNACIONAL ESTÁNDAR DEL LIBRO | |
| Número Internacional Estándar del Libro | 84-8260-075-3 |
| 080 ## - NÚMERO DE LA CLASIFICACIÓN DECIMAL UNIVERSAL | |
| Número de la Clasificación Decimal Universal | 929 Todolí Duque, José |
| 080 ## - NÚMERO DE LA CLASIFICACIÓN DECIMAL UNIVERSAL | |
| Número de la Clasificación Decimal Universal | 17(082.2) |
| 080 ## - NÚMERO DE LA CLASIFICACIÓN DECIMAL UNIVERSAL | |
| Número de la Clasificación Decimal Universal | 316(082.2) |
| 080 ## - NÚMERO DE LA CLASIFICACIÓN DECIMAL UNIVERSAL | |
| Número de la Clasificación Decimal Universal | 1(082.2) |
| 245 00 - MENCIÓN DEL TÍTULO | |
| Título | Ética y sociología |
| Resto del título | : estudios en memoria del profesor José Todolí, O.P. / |
| Mención de responsabilidad, etc. | Luis Méndez Francisco (coordinador). |
| 260 ## - PUBLICACIÓN, DISTRIBUCIÓN, ETC. | |
| Lugar de publicación, distribución, etc. | [Madrid] : |
| Nombre del editor, distribuidor, etc. | Servicio de Publicaciones de la Universidad Complutense de Madrid ; |
| Lugar de publicación, distribución, etc. | Salamanca : |
| Nombre del editor, distribuidor, etc. | San Esteban, |
| Fecha de publicación, distribución, etc. | [2000] |
| 300 ## - DESCRIPCIÓN FÍSICA | |
| Extensión | 797 p., 1 retr. ; |
| Dimensiones | 25 cm. |
| 490 1# - MENCIÓN DE SERIE | |
| Mención de serie | Aletheia ; |
| Designación de volumen o secuencia | 31 |
| 600 14 - PUNTO DE ACCESO ADICIONAL DE MATERIA--NOMBRE DE PERSONA | |
| Nombre de persona | Todolí Duque, José- |
| Subdivisión de forma | Homenajes. |
| 9 (RLIN) | 138246 |
| 650 #7 - PUNTO DE ACCESO ADICIONAL DE MATERIA--TÉRMINO DE MATERIA | |
| Término de materia o nombre geográfico como elemento de entrada | Ética |
| Fuente del encabezamiento o término | embne |
| 9 (RLIN) | 12577 |
| 650 #7 - PUNTO DE ACCESO ADICIONAL DE MATERIA--TÉRMINO DE MATERIA | |
| Término de materia o nombre geográfico como elemento de entrada | Sociología |
| Fuente del encabezamiento o término | embne |
| 9 (RLIN) | 17195 |
| 650 #7 - PUNTO DE ACCESO ADICIONAL DE MATERIA--TÉRMINO DE MATERIA | |
| Término de materia o nombre geográfico como elemento de entrada | Filosofía |
| Fuente del encabezamiento o término | embne |
| 9 (RLIN) | 12802 |
| 700 1# - ENTRADA AGREGADA--NOMBRE PERSONAL | |
| Nombre de persona | Todoli Duque, José. |
| 9 (RLIN) | 110411 |
| 700 1# - ENTRADA AGREGADA--NOMBRE PERSONAL | |
| Nombre de persona | Méndez Francisco, Luis. |
| 9 (RLIN) | 80152 |
| 710 2# - ENTRADA AGREGADA--NOMBRE DE ENTIDAD CORPORATIVA | |
| Nombre de entidad corporativa o nombre de jurisdicción como elemento de entrada | Universidad Complutense de Madrid. |
| 9 (RLIN) | 7098 |
| 830 1# - PUNTO DE ACCESO ADICIONAL DE SERIE-TÍTULO UNIFORME | |
| Título uniforme | Aletheia ; |
| Designación de volumen o secuencia | 31 |
| 9 (RLIN) | 188849 |
| 852 ## - LOCALIZACIÓN | |
| Ubicación | ES-MaACL |
| Número de control de estantería | L-29626 |
| Estatus retirado | Estado de pérdida | Estado de daño | No para préstamo | Biblioteca de origen | Biblioteca actual | Ubicación en estantería | Fecha de adquisición | Fuente de adquisición | Total de préstamos | Signatura topográfica completa | Código de barras | Visto por última vez | Precio de reemplazo | Tipo de ítem Koha |
|---|---|---|---|---|---|---|---|---|---|---|---|---|---|---|
| Biblioteca del Ateneo de Madrid | Biblioteca del Ateneo de Madrid | Depósito 2 | 21/08/2008 | L-29626 | 1177624 | 23/02/2023 | 23/02/2023 | Libro impreso |
